|
|
|
|
| LEADER |
00901nam a2200253 a 4500 |
| 001 |
12860221 |
| 008 |
090617s2002 nyu 000 0 eng d |
| 010 |
|
|
|a 2002027354
|
| 020 |
|
|
|a 9780091884635
|
| 040 |
|
|
|a DLC
|c DLC
|d DLC
|
| 082 |
0 |
0 |
|a 650.1/2
|2 21
|
| 100 |
1 |
|
|a Hansen, Mark Victor.
|
| 245 |
1 |
4 |
|a The one minute millionaire :
|b the enlightened way to wealth /
|c Mark Victor Hansen and Robert G. Allen.
|
| 250 |
|
|
|a 1st ed.
|
| 260 |
|
|
|a New York :
|b Harmony Books,
|c c2002.
|
| 300 |
|
|
|a xx, 388 p. ;
|c 24 cm.
|
| 541 |
1 |
|
|e 00013339
|
| 650 |
|
0 |
|a Success in business.
|
| 650 |
|
0 |
|a Wealth.
|
| 650 |
|
0 |
|a Millionaires.
|
| 700 |
1 |
|
|a Allen, Robert G.
|
| 852 |
4 |
|
|a Ayesha Abed Library
|j General Shelf.
|
| 999 |
|
|
|c 1725
|d 1725
|
| 952 |
|
|
|0 0
|1 0
|2 ddc
|4 0
|6 650_120000000000000_HAN
|7 0
|9 1580
|a BRACUL
|b BRACUL
|c GEN
|d 2009-06-28
|g 400.00
|l 13
|m 166
|o 650.12 HAN
|p 3010013339
|r 2026-05-04
|s 2025-11-10
|t 1
|v 800.00
|w 2009-06-28
|y BK
|